000 00485nam a2200217 454500
001 085892
003 BD-ChCU
008 Eng
020 _a
040 _aDLC
_cDLC
_dBD-ChCU
082 0 0 _a182/OCC
100 1 _a-
_b-
245 1 0 _aA Critical history of western Philosophy
_b-
250 _a-
260 _aNew York
_bFree Press
_c1964
300 _avi, 604p
504 _a
650 0 _aPhilosophy-Ancient
_bPhilosophy
700 1 _aO'Connor, D.J
942 _2ddc
_cBK
999 _c85892
_d85892